World Congress of Esperanto Host Cities Quiz Stats

 Plays Quiz not verified by Sporcle

Score 0/102 Timer 10:00
0 Plays Today
Year City % Correct
1914Paris (canceled due to WWI)
100%
1932Paris
100%
1950Paris
100%
1938London
95.5%
1971London
95.5%
2017Seoul
91.3%
1922Helsinki
89.4%
1970Helsinki
89.4%
1999Berlin
89.4%
1935Rome
87.9%
1937Warsaw
87.9%
1952Oslo
87.9%
1959Warsaw
87.9%
1987Warsaw
87.9%
1994Seoul
87.9%
1913Bern
86.4%
1921Prague
86.4%
1929Budapest
86.4%
1939Bern
86.4%
1947Bern
86.4%
1956Copenhagen
86.4%
1962Copenhagen
86.4%
1965Tokyo
86.4%
1966Budapest
86.4%
1975Copenhagen
86.4%
1983Budapest
86.4%
1986Beijing
86.4%
1996Prague
86.4%
2004Beijing
86.4%
2011Copenhagen
86.4%
1934Stockholm
84.8%
1968Madrid
84.8%
1977Reykjavík
84.8%
1980Stockholm
84.8%
Year City % Correct
2013Reykjavík
84.8%
1924Vienna
83.3%
1936Vienna
83.3%
1963Sofia
83.3%
1969Vienna
83.3%
1990Havana
83.3%
1992Vienna
83.3%
2010Havana
83.3%
1909Barcelona
81.8%
1927Danzig
81.8%
1960Brussels
80.3%
1906Geneva
78.8%
1925Geneva
78.8%
1951Munich
78.8%
1973Belgrade
78.8%
1974Hamburg
78.8%
1953Zagreb
77.3%
1967Rotterdam
77.3%
1981Brasília
77.3%
1988Rotterdam
77.3%
2001Zagreb
77.3%
2008Rotterdam
77.3%
2012Hanoi
77.3%
2014Buenos Aires
77.3%
1957Marseille
74.2%
2000Tel Aviv
74.2%
2005Vilnius
74.2%
1912Kraków
72.7%
1931Kraków
72.7%
1911Antwerp
71.2%
1928Antwerp
71.2%
1982Antwerp
71.2%
1920The Hague
69.7%
1964The Hague
69.7%
Year City % Correct
1976Athens
69.7%
1984Vancouver
69.7%
1915San Francisco
68.2%
1933Cologne
68.2%
1926Edinburgh
66.7%
2003Gothenburg
66.7%
1948Malmö
63.6%
1910Washington, D.C.
62.1%
1991Bergen
62.1%
2006Florence
60.6%
2015Lille
58.3%
1993Valencia
57.6%
1997Adelaide
54.5%
2007Yokohama
48.5%
1908Dresden
45.5%
1907Cambridge
39.4%
1930Oxford
39.4%
1995Tampere
39.4%
1978Varna
37.9%
2002Fortaleza
34.8%
1923Nuremberg
31.8%
1955Bologna
30.3%
1979Lucerne
28.8%
1989Brighton
27.3%
1972Portland, OR
24.2%
1998Montpellier
24.2%
1954Haarlem
22.7%
2009Białystok
21.2%
1985Augsburg
16.7%
1958Mainz
12.1%
1905Boulogne-sur-Mer
9.1%
1949Bournemouth
9.1%
2016Nitra
8.7%
1961Harrogate
6.1%

You're not logged in!

Compare scores with friends on all Sporcle quizzes.
OR
Log In

Sporcle TV

Today on Sporcle TV


Watch our educational content, quiz creation guides, and fun videos on Sporcle TV.

Show Comments

Extras

Top Quizzes Today


Score Distribution

Your Account Isn't Verified!

In order to create a playlist on Sporcle, you need to verify the email address you used during registration. Go to your Sporcle Settings to finish the process.

Report this User

Report this user for behavior that violates our Community Guidelines.

Details: